[Event "Titled Tue 24th Jun Late"]
[Site "chess.com INT"]
[Date "2025.06.24"]
[Round "7"]
[White "Gimeno Martos, Roberto"]
[Black "Ferrara, Enzo"]
[Result "1-0"]
[WhiteTitle "CM"]
[WhiteElo "2090"]
[BlackElo "2138"]
[WhiteFideId "2226804"]
[BlackFideId "137731"]
[EventDate "2025.06.24"]

1. d4 f5 2. Nf3 Nf6 3. e3 g6 4. Nc3 Bg7 5. Be2 O-O 6. O-O d5 7. Ne5 e6 8. b3 c5
9. a4 cxd4 10. exd4 Nc6 11. Ba3 Re8 12. Bf3 Qc7 13. Nxc6 bxc6 14. Ne2 Ba6 15.
Re1 g5 16. Ng3 g4 17. Be2 Bxe2 18. Qxe2 f4 19. Nf1 h5 20. f3 Kf7 21. Nd2 g3 22.
hxg3 fxg3 23. Qe5 Qxe5 24. dxe5 Nd7 25. f4 Kg6 26. Nf3 Kf5 27. Bc1 c5 28. a5 Kg4
29. Ra4 d4 30. b4 Bf8 31. bxc5 Bxc5 32. Kf1 Kf5 33. c3 dxc3 34. Nh4+ Kg4 35. f5+ 1-0

[Event "Titled Tue 24th Jun Late"]
[Site "chess.com INT"]
[Date "2025.06.24"]
[Round "7"]
[White "Foldes, Marton Gabor"]
[Black "Shearsby, Jude"]
[Result "1-0"]
[WhiteTitle "FM"]
[BlackTitle "CM"]
[WhiteElo "2295"]
[BlackElo "2160"]
[WhiteFideId "794708"]
[BlackFideId "462527"]
[EventDate "2025.06.24"]

1. Nf3 Nc6 2. g3 d5 3. d4 Bg4 4. Nbd2 h5 5. h3 Bf5 6. c3 Nf6 7. Qb3 Na5 8. Qa4+
Nc6 9. Ne5 Qd6 10. Ndf3 Nd7 11. Bf4 Ncxe5 12. Nxe5 Qb6 13. O-O-O c6 14. Nxd7
Bxd7 15. Bg2 O-O-O 16. e4 f6 17. h4 e5 18. dxe5 Qxf2 19. Rd2 Qb6 20. Rhd1 fxe5
21. Bxe5 Bc5 22. Kb1 dxe4 23. Qxe4 g6 24. Rxd7 Rxd7 25. Rxd7 Re8 26. Bh3 1-0

[Event "Titled Tue 24th Jun Late"]
[Site "chess.com INT"]
[Date "2025.06.24"]
[Round "7"]
[White "Bezuch, Martin"]
[Black "Gomes, Luiz Alexandre de Souza"]
[Result "1-0"]
[WhiteTitle "FM"]
[BlackTitle "FM"]
[WhiteElo "2238"]
[BlackElo "2254"]
[WhiteFideId "14906333"]
[BlackFideId "2102790"]
[EventDate "2025.06.24"]

1. Nf3 d5 2. g3 Nf6 3. Bg2 g6 4. O-O Bg7 5. d3 O-O 6. Re1 c5 7. Nbd2 Nc6 8. e4
e6 9. c3 b6 10. e5 Nd7 11. d4 Ba6 12. Nf1 Bxf1 13. Bxf1 cxd4 14. cxd4 Rc8 15.
Bg5 f6 16. exf6 Bxf6 17. Bh6 Re8 18. Bh3 Nf8 19. Bxf8 Kxf8 20. Bxe6 Rc7 21. Rc1
Ne7 22. Qd2 Kg7 23. Bh3 Qd6 24. Ng5 Bxg5 25. Qxg5 Rxc1 26. Qxc1 Rf8 27. Qg5 Ng8
28. Re6 Qb4 29. Qe5+ Nf6 30. b3 Rf7 31. Bg2 Qb5 32. Bf1 Qa5 33. Re7 Qxa2 34. Qe6
Rxe7 35. Qxe7+ Kh6 36. Qxf6 Qxb3 37. Qf8+ Kg5 38. Qf4+ Kh5 39. Be2+ 1-0

[Event "Titled Tue 24th Jun Late"]
[Site "chess.com INT"]
[Date "2025.06.24"]
[Round "7"]
[White "Harriott, Tyrell"]
[Black "Yevchenko, Oleksandr"]
[Result "1-0"]
[BlackTitle "CM"]
[WhiteElo "1924"]
[BlackElo "2276"]
[WhiteFideId "2086484"]
[BlackFideId "14108267"]
[EventDate "2025.06.24"]

1. d4 Nf6 2. e3 d5 3. Bd3 c5 4. c3 Nc6 5. f4 g6 6. Nf3 Bg7 7. O-O Ne4 8. c4 cxd4
9. cxd5 Qxd5 10. Kh1 dxe3 11. Bxe4 Qxe4 12. Qe2 Bg4 13. Bxe3 Nd4 14. Qf2 Nc2 15.
Nc3 Bxc3 16. bxc3 Nxa1 17. Rxa1 O-O 18. Ne5 Be6 19. Bd4 f6 20. Re1 Qf5 21. g4
Bd5+ 22. Kg1 Qc8 23. Nd3 Qc4 24. Qg3 Rae8 25. f5 Qxa2 26. Nf4 Bf7 27. g5 Qc2 28.
fxg6 1-0

[Event "Titled Tue 24th Jun Late"]
[Site "chess.com INT"]
[Date "2025.06.24"]
[Round "7"]
[White "Sturt, Raven"]
[Black "Donoso Aguirre, Maximiliano"]
[Result "1-0"]
[WhiteTitle "GM"]
[BlackTitle "CM"]
[WhiteElo "2459"]
[BlackElo "2050"]
[WhiteFideId "2007304"]
[BlackFideId "3458920"]
[EventDate "2025.06.24"]

1. f4 d5 2. Nf3 Nf6 3. e3 e6 4. b3 c5 5. Bb2 Nc6 6. Bb5 Be7 7. Bxc6+ bxc6 8. c4
Ba6 9. Ne5 Qc7 10. O-O O-O 11. Nc3 Rad8 12. Qe2 Bd6 13. Na4 Nd7 14. Nxd7 Qxd7
15. d3 Rfe8 16. e4 Bf8 17. Rad1 Rb8 18. Be5 Rb7 19. Bc3 Reb8 20. Ba5 Qe7 21. e5
Qd7 22. Rf3 dxc4 23. dxc4 Qe7 24. Rfd3 h6 25. Bd8 Qe8 26. h4 Be7 27. Bxe7 Qxe7
28. Qf2 Rb4 29. Nxc5 Bxc4 30. bxc4 Rxc4 31. Nd7 Rbb4 32. Qg3 Kh7 33. f5 exf5 34.
h5 Rg4 35. Qf3 Qg5 36. Nf8+ Kg8 37. Rd8 1-0

[Event "Titled Tue 24th Jun Late"]
[Site "chess.com INT"]
[Date "2025.06.24"]
[Round "7"]
[White "Ambartsumova, Karina"]
[Black "Patel, Maahir M"]
[Result "1-0"]
[WhiteTitle "IM"]
[WhiteElo "2403"]
[BlackElo "2106"]
[WhiteFideId "4166299"]
[BlackFideId "30995612"]
[EventDate "2025.06.24"]

1. Nf3 g6 2. d4 Bg7 3. g3 Nf6 4. Bg2 O-O 5. O-O d5 6. c4 dxc4 7. Na3 a5 8. Nxc4
a4 9. Nfe5 c6 10. h3 Nbd7 11. Bd2 Nxe5 12. dxe5 Nd5 13. f4 Be6 14. Qc1 b5 15.
Ne3 Qb6 16. Kh2 Rad8 17. Nc2 c5 18. e4 Nc7 19. Ne3 Na6 20. f5 Bc8 21. f6 exf6
22. exf6 Bxf6 23. Nd5 Rxd5 24. exd5 Bd4 25. Bc3 Bf5 26. Qd2 h5 27. Rad1 Bxc3 28.
Qxc3 b4 29. Qe3 Qf6 30. Rd2 Qd6 31. Qf4 Qd8 32. d6 Be6 33. a3 Qa5 34. d7 Nb8 35.
Bd5 Bf5 36. Bxf7+ Kxf7 37. g4 hxg4 38. hxg4 Rh8+ 39. Kg3 Nxd7 40. Rxd7+ Ke6 41.
Qd6# 1-0

[Event "Titled Tue 24th Jun Late"]
[Site "chess.com INT"]
[Date "2025.06.24"]
[Round "7"]
[White "Lysyj, Igor"]
[Black "Sjugirov, Sanan"]
[Result "1-0"]
[WhiteTitle "GM"]
[BlackTitle "GM"]
[WhiteElo "2582"]
[BlackElo "2635"]
[WhiteFideId "4150120"]
[BlackFideId "4189302"]
[EventDate "2025.06.24"]

1. d4 Nf6 2. c4 e6 3. Nc3 Bb4 4. Qc2 O-O 5. e3 b6 6. Bd3 Bb7 7. e4 Bxc3+ 8. bxc3
d6 9. Ne2 Nc6 10. O-O Nd7 11. f4 Na5 12. f5 exf5 13. Rxf5 Ba6 14. Ng3 Bxc4 15.
Bxc4 Nxc4 16. Qe2 b5 17. Rxb5 Ndb6 18. Nf5 g6 19. Nh6+ Kg7 20. Ng4 h5 21. Ne3
Qe8 22. Rxh5 Qxe4 23. Rh3 Rh8 24. Rxh8 Rxh8 25. Qf2 Re8 26. Nxc4 Nxc4 27. Bg5 f5
28. h3 Nb6 29. Bd2 Qd3 30. Qf4 Nc4 31. Qh6+ Kf7 32. Bg5 Ke6 33. Qxg6+ Kd7 34.
Qf7+ 1-0

[Event "Titled Tue 24th Jun Late"]
[Site "chess.com INT"]
[Date "2025.06.24"]
[Round "7"]
[White "Popilski, Gil"]
[Black "Atoyan, Alberto"]
[Result "1-0"]
[WhiteTitle "GM"]
[BlackTitle "CM"]
[WhiteElo "2431"]
[BlackElo "2266"]
[WhiteFideId "2809060"]
[BlackFideId "13314831"]
[EventDate "2025.06.24"]

1. d4 Nf6 2. Nf3 e6 3. c4 d5 4. Bg5 dxc4 5. Qa4+ Nbd7 6. Nc3 a6 7. Qxc4 b5 8.
Qd3 Bb7 9. g3 Be7 10. Bg2 c5 11. O-O O-O 12. Rad1 Qa5 13. Bxf6 Nxf6 14. Ne5 Bxg2
15. Kxg2 Rac8 16. a3 cxd4 17. Qxd4 Rfd8 18. Qa7 Re8 19. Rd3 Rc7 20. Qe3 b4 21.
axb4 Bxb4 22. Rfd1 Bxc3 23. bxc3 h6 24. c4 Qa4 25. Rd8 Rc8 26. Qb6 Rcxd8 27.
Rxd8 Rxd8 28. Qxd8+ Qe8 29. Qb6 Qa8+ 30. f3 a5 31. c5 a4 32. c6 Nd5 33. Qb7 Qf8
34. c7 Ne7 35. Nc6 Nc8 36. Qxc8 Qxc8 37. Ne7+ Kh7 38. Nxc8 a3 39. Ne7 a2 40.
c8=Q 1-0

[Event "Titled Tue 24th Jun Late"]
[Site "chess.com INT"]
[Date "2025.06.24"]
[Round "7"]
[White "Van Baar, Esper"]
[Black "Beulen, Marcel"]
[Result "0-1"]
[WhiteTitle "FM"]
[BlackTitle "FM"]
[WhiteElo "2232"]
[BlackElo "2359"]
[WhiteFideId "1049321"]
[BlackFideId "1001450"]
[EventDate "2025.06.24"]

1. c4 c6 2. d4 d5 3. Nf3 Nf6 4. Nc3 dxc4 5. a4 Bf5 6. e3 e6 7. Bxc4 Bb4 8. O-O
Nbd7 9. Bd2 a5 10. Bb3 O-O 11. Bc2 Bg6 12. Bxg6 hxg6 13. Qb3 Qb6 14. Rfd1 Rfd8
15. Rac1 Bd6 16. Qxb6 Nxb6 17. b3 Bb4 18. Nb1 Nbd5 19. Bxb4 axb4 20. Ne5 Ne4 21.
Kf1 g5 22. Ke1 Rac8 23. f3 Nec3 24. Nxc3 Nxc3 25. Rd2 b6 26. Nc4 Rb8 27. Nb2 c5
28. dxc5 bxc5 29. Nd1 Rxd2 30. Kxd2 Nd5 31. Rxc5 Rd8 32. Ke2 Kf8 33. e4 Nf4+ 34.
Ke1 Nxg2+ 35. Ke2 Nf4+ 36. Ke1 Nd3+ 0-1

[Event "Titled Tue 24th Jun Late"]
[Site "chess.com INT"]
[Date "2025.06.24"]
[Round "7"]
[White "Mecit, Emre"]
[Black "Garcia Hernandez, Rebeca"]
[Result "1-0"]
[BlackTitle "WCM"]
[WhiteElo "2007"]
[BlackElo "1904"]
[WhiteFideId "6304214"]
[BlackFideId "5180872"]
[EventDate "2025.06.24"]

1. e4 c5 2. Nf3 a6 3. c3 Nf6 4. e5 Nd5 5. d4 cxd4 6. cxd4 d6 7. Bc4 Nb6 8. Bb3
e6 9. O-O Be7 10. Nc3 Nc6 11. Qe2 O-O 12. Bf4 Re8 13. Rfd1 d5 14. Rac1 Nd7 15.
Bc2 Nf8 16. Bb1 Bd7 17. h4 b5 18. Bg5 h6 19. Bxe7 Qxe7 20. b3 Rac8 21. a4 b4 22.
Na2 Na5 23. Qb2 Rxc1 24. Rxc1 Rc8 25. Rxc8 Bxc8 26. Bd3 Bb7 27. g3 Qc7 28. Nxb4
Qb6 29. Qc3 Nxb3 30. Qxb3 a5 31. Bb5 axb4 32. Qxb4 Bc6 33. Qc5 Qxc5 34. dxc5
Bxb5 35. axb5 Nd7 36. c6 Nb6 37. Nd4 Kf8 38. Nb3 1-0

[Event "Titled Tue 24th Jun Late"]
[Site "chess.com INT"]
[Date "2025.06.24"]
[Round "7"]
[White "Vakhidov, Jakhongir"]
[Black "Maghsoodloo, Parham"]
[Result "0-1"]
[WhiteTitle "GM"]
[BlackTitle "GM"]
[WhiteElo "2539"]
[BlackElo "2691"]
[WhiteFideId "14201801"]
[BlackFideId "12539929"]
[EventDate "2025.06.24"]

1. c4 c5 2. Nf3 Nf6 3. Nc3 d5 4. cxd5 Nxd5 5. e4 Nb4 6. Bc4 Nd3+ 7. Ke2 Nf4+ 8.
Kf1 Ne6 9. d3 Nc6 10. Be3 Ned4 11. Nb5 e6 12. Bf4 Nxb5 13. Bxb5 Bd7 14. Rc1 Rc8
15. Qb3 Be7 16. Ne5 Nxe5 17. Bxe5 O-O 18. Bxd7 Qxd7 19. a4 Rfd8 20. Ke2 Rc6 21.
a5 Bd6 22. Bxd6 Rxd6 23. Rhd1 b6 24. axb6 axb6 25. Qc3 Rd4 26. b3 h6 27. f3 f5
28. Qc2 Qd6 29. g3 Qe5 30. Kf2 f4 31. Rd2 Ra8 32. Qd1 Rb4 33. Rc4 Ra1 34. Qe2
Rxb3 35. d4 fxg3+ 36. hxg3 Qh5 37. Rd3 Rbb1 38. dxc5 Qh2+ 39. Ke3 Re1 40. Rc2
bxc5 0-1

[Event "Titled Tue 24th Jun Late"]
[Site "chess.com INT"]
[Date "2025.06.24"]
[Round "7"]
[White "Skramstad, Oda Kofoed"]
[Black "Omariev, Maksim"]
[Result "0-1"]
[WhiteTitle "WCM"]
[BlackTitle "FM"]
[WhiteElo "1898"]
[BlackElo "2304"]
[WhiteFideId "1564862"]
[BlackFideId "4193423"]
[EventDate "2025.06.24"]

1. d4 h5 2. c4 h4 3. h3 d6 4. Nc3 e5 5. e4 Nc6 6. d5 Nce7 7. Nf3 Ng6 8. Bg5 Be7
9. Be3 Nf6 10. Qd2 Nh5 11. Be2 Nhf4 12. Bxf4 Nxf4 13. O-O-O Nxg2 14. Rdg1 Nf4
15. Rxg7 Ng6 16. Rg1 Bf8 17. R7xg6 fxg6 18. Rxg6 Bxh3 19. Ng5 Qd7 20. Ne6 Qf7
21. Qg5 Be7 22. Qg1 Bxe6 23. dxe6 Qf4+ 24. Kb1 O-O-O 25. Nd5 Qxe4+ 26. Ka1 Rde8
27. Rg7 Qxe2 28. Nxe7+ Kb8 29. Nd5 h3 30. e7 h2 31. Qh1 Qxc4 32. Nf6 Qc6 33. Rg2
Rxe7 34. a3 Rf7 35. Ng4 Rg7 36. f3 Qxf3 37. Rxh2 Qxh1+ 38. Rxh1 Rxh1+ 0-1

[Event "Titled Tue 24th Jun Late"]
[Site "chess.com INT"]
[Date "2025.06.24"]
[Round "7"]
[White "Kravtsiv, Martyn"]
[Black "Murzin, Volodar"]
[Result "0-1"]
[WhiteTitle "GM"]
[BlackTitle "GM"]
[WhiteElo "2598"]
[BlackElo "2666"]
[WhiteFideId "14113147"]
[BlackFideId "44155573"]
[EventDate "2025.06.24"]

1. e4 e5 2. Nf3 Nc6 3. d4 exd4 4. Nxd4 Bc5 5. Nb3 Bb6 6. Qe2 d6 7. Be3 Nf6 8.
Nc3 Bxe3 9. Qxe3 O-O 10. O-O-O Re8 11. f3 a5 12. Bb5 Bd7 13. g4 Nb4 14. g5 Nfd5
15. Nxd5 Bxb5 16. Nc3 Bc4 17. Nd4 Qd7 18. Kb1 Qh3 19. Rdg1 c5 20. Ndb5 d5 21.
Qxc5 Qxf3 22. a3 Rac8 23. Qb6 Nxc2 24. Kxc2 Qd3+ 25. Kc1 Bxb5 26. Rd1 Rxc3+ 27.
bxc3 Qxc3+ 28. Kb1 Qb3+ 29. Ka1 Qxa3+ 30. Kb1 Bd3+ 31. Rxd3 Qxd3+ 32. Ka1 Qxe4
33. Rc1 Qa4+ 34. Kb1 Qb4+ 0-1

[Event "Titled Tue 24th Jun Late"]
[Site "chess.com INT"]
[Date "2025.06.24"]
[Round "7"]
[White "Bluebaum, Matthias"]
[Black "Naroditsky, Daniel"]
[Result "1-0"]
[WhiteTitle "GM"]
[BlackTitle "GM"]
[WhiteElo "2663"]
[BlackElo "2619"]
[WhiteFideId "24651516"]
[BlackFideId "2026961"]
[EventDate "2025.06.24"]

1. d4 d5 2. c4 e6 3. Nc3 a6 4. e4 dxe4 5. Nxe4 Bb4+ 6. Nc3 c5 7. a3 Ba5 8. Nf3
Nf6 9. Be3 Nc6 10. Rc1 cxd4 11. Nxd4 Bd7 12. b4 Bc7 13. Be2 O-O 14. O-O Rc8 15.
h3 Qe7 16. Nxc6 Bxc6 17. Bc5 Qe8 18. Bxf8 Qxf8 19. Bf3 Rd8 20. Qe2 Rd4 21. Rfd1
Qd6 22. g3 h5 23. c5 Qd7 24. Bxc6 bxc6 25. Rxd4 Qxd4 26. Qe3 Qc4 27. h4 Ng4 28.
Qe4 Qb3 29. Qxc6 Qxa3 30. Rc2 Be5 31. Qa8+ Kh7 32. Qe4+ f5 33. Qc4 Qa1+ 34. Kg2
Qe1 35. Qe2 Qa1 36. c6 Qa3 37. Qc4 Bc7 38. Qxe6 1-0

[Event "Titled Tue 24th Jun Late"]
[Site "chess.com INT"]
[Date "2025.06.24"]
[Round "7"]
[White "Fernandes, Rogerio Paulo Muller"]
[Black "Pereyra, Horacio"]
[Result "1/2-1/2"]
[WhiteElo "2241"]
[BlackElo "2133"]
[WhiteFideId "2101599"]
[BlackFideId "113700"]
[EventDate "2025.06.24"]

1. c4 g6 2. g3 Bg7 3. Bg2 d6 4. Nf3 Nd7 5. O-O e5 6. Nc3 Ne7 7. d3 O-O 8. Rb1 h6
9. b4 f5 10. Bd2 g5 11. a4 Ng6 12. b5 Rb8 13. a5 Nf6 14. Ne1 b6 15. axb6 axb6
16. Nc2 f4 17. Nb4 Bd7 18. Nc6 Bxc6 19. Bxc6 h5 20. Nd5 h4 21. Nxf6+ Qxf6 22. g4
Ne7 23. Bf3 Qe6 24. h3 Bf6 25. Kg2 Kg7 26. Qb3 Ng6 27. Be4 Rfd8 28. f3 Nf8 29.
Ra1 Nd7 30. Bf5 Qe7 31. Bxd7 Qxd7 32. Ra7 Ra8 33. Rfa1 Rxa7 34. Rxa7 Rf8 35. Qa2
Bd8 36. Bc3 Rf7 37. Ra8 Kf6 38. Qa6 Ke7 39. Qb7 Rf8 40. Ra7 Ke8 41. Qd5 Qf7 42.
Qc6+ Qd7 43. Qe4 Qf7 44. Bb4 Qd7 45. Qd5 Qf7 46. Bxd6 Qxd5 47. cxd5 cxd6 48. Rg7
Rf7 49. Rg6 Be7 50. Kf2 Kd7 51. Rg8 Rf8 52. Rxf8 Bxf8 53. Ke1 e4 54. dxe4 Bg7
55. Kd2 Bd4 56. Kd3 Bc5 57. Kc3 Ke7 58. Kc4 Kf6 59. Kc3 Ke5 60. Kd3 Bb4 61. Kc4
Be1 62. Kd3 Bf2 63. Kc4 Be3 64. Kd3 Bc5 65. Kc4 Be3 66. Kd3 Bc5 67. Kc4 Be3 1/2-1/2

[Event "Titled Tue 24th Jun Late"]
[Site "chess.com INT"]
[Date "2025.06.24"]
[Round "7"]
[White "Pica, Eleni"]
[Black "Bhatia, Kanishka"]
[Result "0-1"]
[WhiteTitle "WCM"]
[BlackTitle "WCM"]
[WhiteElo "1686"]
[BlackElo "1965"]
[WhiteFideId "5910005"]
[BlackFideId "2410095"]
[EventDate "2025.06.24"]

1. d4 Nf6 2. c4 e6 3. Nf3 d5 4. Nc3 Be7 5. Bg5 O-O 6. e3 Nbd7 7. cxd5 exd5 8.
Bd3 c6 9. O-O Re8 10. Rb1 a5 11. Qc2 Nf8 12. a3 h6 13. Bh4 Be6 14. b4 axb4 15.
axb4 Qc7 16. b5 cxb5 17. Nxb5 Qxc2 18. Bxc2 Rec8 19. Rfc1 Bd7 20. Bd3 Ne6 21.
Bxf6 Bxf6 22. Rxc8+ Rxc8 23. Nd6 Rc3 24. Bf1 g5 25. Rxb7 Nf8 26. Rb1 Be7 27. Nb5
Rc2 28. h3 Kg7 29. Ne5 Be8 30. Bd3 Rd2 31. Bf1 f6 32. Nf3 Rc2 33. Ne1 Ra2 34.
Nd3 Rd2 35. Nc5 Rc2 36. Na4 Ne6 37. Nac3 Bc6 38. Ra1 Bb4 39. Ra6 Nd8 40. Ra7+
Kg6 0-1

[Event "Titled Tue 24th Jun Late"]
[Site "chess.com INT"]
[Date "2025.06.24"]
[Round "7"]
[White "Deng, Henry"]
[Black "Tari, Aryan"]
[Result "0-1"]
[WhiteTitle "FM"]
[BlackTitle "GM"]
[WhiteElo "2327"]
[BlackElo "2636"]
[WhiteFideId "30965454"]
[BlackFideId "1510045"]
[EventDate "2025.06.24"]

1. e4 e5 2. Nf3 Nc6 3. Bc4 Nf6 4. d4 exd4 5. e5 Ne4 6. O-O d5 7. exd6 Nxd6 8.
Bd5 Be7 9. Bxc6+ bxc6 10. Nxd4 Bb7 11. Nb3 O-O 12. Nc3 Nf5 13. Qg4 Bc8 14. Rd1
Bd6 15. Qf3 Qh4 16. h3 Be6 17. Bd2 Bxb3 18. axb3 Nd4 19. Qd3 Rad8 20. Be3 Be5
21. Bxd4 Bxd4 22. Qf3 Rfe8 23. Rd3 Bb6 24. Rxd8 Rxd8 25. Rd1 Rxd1+ 26. Nxd1 Qe7
27. Kf1 Qe6 28. Qe2 Qd7 29. Nc3 h6 30. Ne4 Qe6 31. Qd3 Qd5 32. Qf3 Kf8 33. g3 f5
34. Nd2 Qxd2 35. Qxf5+ Ke7 36. Qe5+ Kd8 37. Qf5 Ke7 38. Qe4+ Kd8 39. Qf5 Qd1+
40. Kg2 Qd5+ 41. Qxd5+ cxd5 42. f4 Ke7 43. Kf3 Ke6 44. c3 a5 45. b4 axb4 46.
cxb4 Bd4 47. b3 c6 48. g4 Bc3 49. f5+ Ke5 50. Ke3 Bxb4 51. Kd3 c5 0-1

[Event "Titled Tue 24th Jun Late"]
[Site "chess.com INT"]
[Date "2025.06.24"]
[Round "7"]
[White "Linares Orellana, Hector Jose"]
[Black "Radionov, Timur"]
[Result "1-0"]
[WhiteTitle "FM"]
[BlackTitle "FM"]
[WhiteElo "2111"]
[BlackElo "2200"]
[WhiteFideId "7304307"]
[BlackFideId "34178772"]
[EventDate "2025.06.24"]

1. d4 d5 2. c4 e6 3. Nc3 c6 4. cxd5 exd5 5. Nf3 Nf6 6. Bg5 Be7 7. e3 Bf5 8. Bd3
Bxd3 9. Qxd3 O-O 10. O-O Ne4 11. Bxe7 Qxe7 12. Nd2 f5 13. f3 Nxd2 14. Qxd2 Nd7
15. Rfe1 Nb6 16. b3 c5 17. Rac1 Rac8 18. Red1 Rfe8 19. Kf2 Qh4+ 20. Kg1 Qh6 21.
Re1 Re6 22. dxc5 Rxc5 23. Qd4 Rcc6 24. a4 a5 25. f4 Qf6 26. Qxf6 Rxf6 27. Kf2
Rfd6 28. Red1 Kf7 29. Nb5 Rd8 30. Nd4 Rxc1 31. Rxc1 g6 32. Rc5 Ra8 33. Rb5 Ra6
34. Nf3 Ke6 35. Ne5 Kd6 36. Ke2 Kc7 37. Nd3 Ra8 38. Nc5 Kc6 39. Kd3 Ra7 40. Ne6
Kd6 41. Rxb6+ Kd7 42. Nd4 Ra6 43. Rxa6 bxa6 44. Nf3 Kd6 45. Kd4 Kc6 46. Ne5+ 1-0

[Event "Titled Tue 24th Jun Late"]
[Site "chess.com INT"]
[Date "2025.06.24"]
[Round "7"]
[White "Rajaram, Rohan"]
[Black "Moeller, Maurin"]
[Result "0-1"]
[WhiteTitle "CM"]
[BlackTitle "FM"]
[WhiteElo "2164"]
[BlackElo "2336"]
[WhiteFideId "30940729"]
[BlackFideId "16265696"]
[EventDate "2025.06.24"]

1. Nf3 Nf6 2. b3 g6 3. Bb2 Bg7 4. e3 O-O 5. d4 d5 6. Be2 Ne4 7. O-O c5 8. Nbd2
Nc6 9. c4 cxd4 10. Nxe4 dxe4 11. Nxd4 Qb6 12. Nxc6 Qxc6 13. Bxg7 Kxg7 14. Qd4+
f6 15. Rad1 Be6 16. b4 b6 17. b5 Qb7 18. Qc3 Rac8 19. Rd4 Rc5 20. Rfd1 Rfc8 21.
Qb4 Kf7 22. h3 Qc7 23. Rxe4 Bxc4 24. Bxc4+ Rxc4 25. Qb3 Kf8 26. Rxc4 Qxc4 27.
Rd8+ Kg7 28. Qxc4 Rxc4 29. Rd7 Ra4 30. Rxe7+ Kg8 31. g4 Rxa2 32. Kg2 Rb2 33.
Rxa7 Rxb5 34. Rb7 Rb2 35. Kg3 b5 36. f3 b4 37. Kf4 b3 38. h4 Rb1 39. h5 gxh5 40.
gxh5 b2 41. h6 Rh1 42. Rxb2 Rxh6 43. Rb7 Rh5 44. e4 Ra5 45. Rc7 Rb5 46. Rd7 Ra5
47. Rd5 Rxd5 48. exd5 Kf7 49. Ke4 Ke7 50. f4 Kd6 51. Kf5 h5 52. Kxf6 h4 53. f5
h3 54. Kg7 h2 55. f6 h1=Q 56. f7 Qg2+ 57. Kf8 Qg5 58. Ke8 Qe7# 0-1

[Event "Titled Tue 24th Jun Late"]
[Site "chess.com INT"]
[Date "2025.06.24"]
[Round "7"]
[White "Miljkovic, Miroslav D"]
[Black "Garcia Alvarez, Diego"]
[Result "1-0"]
[WhiteTitle "GM"]
[WhiteElo "2420"]
[BlackElo "2124"]
[WhiteFideId "922722"]
[BlackFideId "32094795"]
[EventDate "2025.06.24"]

1. e4 c5 2. Nf3 e6 3. d4 cxd4 4. Nxd4 a6 5. Nc3 d6 6. Bd3 Nf6 7. O-O Be7 8. a4
O-O 9. f4 Qc7 10. Be3 b6 11. Qf3 Bb7 12. Qh3 g6 13. f5 e5 14. Nf3 b5 15. Ng5 b4
16. fxg6 fxg6 17. Ne6 Qd7 18. Nxf8 Qxh3 19. gxh3 bxc3 20. Bg5 Bxf8 21. Bxf6 Nd7
22. bxc3 Bh6 23. Bc4+ d5 24. Bxd5+ Bxd5 25. exd5 Be3+ 26. Kg2 Rc8 27. Ra3 Bf4
28. Be7 h6 29. Rb3 g5 30. Rb7 Nc5 31. Bxc5 Rxc5 32. d6 Rd5 33. d7 Kf8 34. c4
Rd2+ 35. Rf2 Ke7 36. Rxd2 Bxd2 37. c5 e4 38. c6 Bf4 39. Rb4 e3 40. Kf3 Kd8 41.
Rd4 Bc7 42. Re4 1-0

[Event "Titled Tue 24th Jun Late"]
[Site "chess.com INT"]
[Date "2025.06.24"]
[Round "7"]
[White "Lyakh, Vasiliy"]
[Black "Chen, Yidong"]
[Result "1-0"]
[WhiteElo "2123"]
[BlackElo "2074"]
[WhiteFideId "14189828"]
[BlackFideId "8607028"]
[EventDate "2025.06.24"]

1. d4 Nf6 2. c4 g6 3. Nc3 d5 4. cxd5 Nxd5 5. e4 Nxc3 6. bxc3 Bg7 7. Nf3 c5 8.
Bb5+ Nc6 9. O-O O-O 10. Bxc6 bxc6 11. Qc2 Qc7 12. h3 Rd8 13. Rb1 Ba6 14. Rd1 Qa5
15. Be3 h6 16. a4 Rab8 17. Ne5 Bxe5 18. dxe5 Rxb1 19. Qxb1 Kg7 20. Rxd8 Qxd8 21.
Bxc5 Qc7 22. Qb4 Qb7 23. Qd4 e6 24. Qd8 Qc8 25. Qf6+ Kg8 26. Bxa7 Qd7 27. Be3
Kh7 28. Qh4 Qd1+ 29. Kh2 Qh5 30. Qf6 g5 31. f3 Qg6 32. Qe7 Qg8 33. a5 Kg7 34.
Qa7 Qc8 35. h4 Qb7 36. Qxb7 Bxb7 37. hxg5 hxg5 38. Bxg5 Ba6 39. Kg3 Kf8 40. Kf2
Kg7 41. Be7 Kg6 42. Ke3 Bb5 43. Kd4 1-0

[Event "Titled Tue 24th Jun Late"]
[Site "chess.com INT"]
[Date "2025.06.24"]
[Round "7"]
[White "Kucza, Karol"]
[Black "Jacobsen, Mikkel Manosri"]
[Result "1-0"]
[WhiteTitle "FM"]
[BlackTitle "FM"]
[WhiteElo "2316"]
[BlackElo "2223"]
[WhiteFideId "1159755"]
[BlackFideId "1444514"]
[EventDate "2025.06.24"]

1. e4 c5 2. Nf3 Nf6 3. e5 Nd5 4. Nc3 e6 5. Nxd5 exd5 6. d4 Nc6 7. dxc5 Bxc5 8.
Qxd5 d6 9. Qe4 Qe7 10. Bb5 Bd7 11. Be3 Bxe3 12. Qxe3 dxe5 13. O-O-O f6 14. Nd2
O-O 15. Ne4 Nd4 16. Bxd7 Qxd7 17. c3 Qc7 18. Kb1 Ne6 19. Rd6 Rfe8 20. Rhd1 Rad8
21. Qd2 Rxd6 22. Nxd6 Rd8 23. Qd5 Qd7 24. Kc2 Kf8 25. Qxb7 Qxb7 26. Nxb7 Rb8 27.
Na5 Nf4 28. g3 Nh3 29. Rd2 Rb5 30. Nc6 e4 31. Nxa7 Rf5 32. b4 Nxf2 33. b5 e3 34.
Re2 Re5 35. b6 Ng4 36. b7 Re8 37. Nc8 Kf7 38. b8=Q 1-0

[Event "Titled Tue 24th Jun Late"]
[Site "chess.com INT"]
[Date "2025.06.24"]
[Round "7"]
[White "Klepek, Witold"]
[Black "Hobson, Kenneth"]
[Result "1-0"]
[WhiteTitle "CM"]
[BlackTitle "FM"]
[WhiteElo "2253"]
[BlackElo "2361"]
[WhiteFideId "1175068"]
[BlackFideId "480819"]
[EventDate "2025.06.24"]

1. c4 e6 2. g3 d5 3. Bg2 Nf6 4. Nf3 Be7 5. O-O O-O 6. d4 dxc4 7. Qc2 b5 8. a4 b4
9. Nfd2 Nd5 10. Nxc4 Nc6 11. Rd1 Rb8 12. b3 Bf6 13. Bb2 Bb7 14. e4 Nb6 15. e5
Be7 16. Nbd2 Nd5 17. Ne4 f5 18. exf6 Bxf6 19. Nc5 Bc8 20. Qe4 Re8 21. Rac1 Bg5
22. f4 Bf6 23. Ne5 Nxe5 24. dxe5 Be7 25. Nxe6 Bxe6 26. f5 Bg5 27. Rc2 Qe7 28.
Rxd5 Bxd5 29. Qxd5+ Kh8 30. h3 Rbd8 31. Qf3 Rd2 32. Rxd2 Bxd2 33. f6 Qc5+ 34.
Kh2 Bh6 35. f7 Rf8 36. e6 Bg5 37. h4 Be7 38. Qf4 Qc2 39. Qd4 Qg6 40. Be4 Qg4 41.
Qe5 Bd6 42. e7 Qc8 43. Qxg7# 1-0